| 000 | 00594nam a2200145Ia 4500 | ||
|---|---|---|---|
| 008 | 170221s9999 xx 000 0 und d | ||
| 100 | _aEvgeny Vasilyevich Shirshov | ||
| 245 | _aInnovative Methods in the Educational Processes of Contemporary Higher School | ||
| 245 | _cEvgeny Vasilyevich Shirshov, Tatyana Sergeevna Butorina, Valentina Nickolaevna Novikova, Churbanov Alexander Leonidovich | ||
| 260 | _bInternational Review of Management and Marketing | ||
| 260 | _c2012 | ||
| 300 | _a3 : 3 | ||
| 650 | _xMarketing. | ||
| 856 | _uhttp://www.econjournals.com/index.php/irmm/issue/view/75 | ||
| 999 |
_c314013 _d314013 |
||